000 01766nam1a2200301 i 4500
001 RU\NLR\bibl\833372
005 20260405221251.0
035 _a(NLR Aleph) 000822229
090 _a1308450
_c1308450
100 _a20050823g20059999u y0rusy50 ca
101 0 _arus
_ager
102 _aRU
105 _a||||z |||||
200 1 _aMit "Delfin" Deutsch als zweite Fremdsprache
_eучебное пособие
_e[для студентов III и IV курсов фак. иностр. яз., изучающих нем. яз. как второй иностр. на базе англ. по УМК "Delfin"
_fМ-во образования и науки Рос. Федерации [и др.
_gавт.-сост.: С. В. Старшинина, к.п.н., доц.]
210 _aСанкт-Петербург
_cЛенинградский государственный университет
_d2005
215 _d29
300 _aВ надзаг. также: Правительство Ленингр. обл., Ленингр. гос. ун-т им. А.С. Пушкина
463 0 _1001830868
606 1 _aНемецкий язык
_jУчебные издания для высших учебных заведений
_91063964
_3RU\NLR\auth\66413315
686 1 _aШ143.24-93рус31
702 1 _4220
_8rus
_7ca
_aСтаршинина
_bС. В.
_gСветлана Викторовна
_3RU\NLR\auth\7799607
_982533
712 0 2 _4570
_aЛенинградский государственный университет им. А. С. Пушкина
_cПушкин, Санкт-Петербург
_9827117
_3RU\NLR\AUTH\880580746
801 0 _aRU
_bNLR
_c20050823
_grcr
801 1 _aRU
_bNLR
_c20050823
852 _aNLR
_j2005-8/2292
942 _cBOOK